El principito y su revolución psicológica /
Guardado en:
| Autor Principal: | |
|---|---|
| Formato: | Libro |
| Publicado: |
Buenos Aires :
Guadalupe,
1975
|
| Series: | Problemas del hombre
|
| Materias: | |
| Etiquetas: |
Agregar Etiqueta
Sin Etiquetas, Sea el primero en etiquetar este registro!
|
| LEADER | 00511nam a22001815a 4500 | ||
|---|---|---|---|
| 001 | CEM.cems006040 | ||
| 005 | 20060214000000.0 | ||
| 008 | 130507s1975##################000#0#####d | ||
| 003 | CEMS | ||
| 082 | 0 | 4 | |a 808 |
| 100 | 1 | |a Sosa, Edgardo R | |
| 245 | 1 | 0 | |a El principito y su revolución psicológica / |
| 260 | |a Buenos Aires : |b Guadalupe, |c 1975 | ||
| 300 | |a 93 p. | ||
| 490 | 0 | |a Problemas del hombre | |
| 653 | |a El principito-critica | ||
| 653 | |a Literatura | ||
| 859 | |a CEMS |b BIB. CEMS - 11 de abril |h 808 |i So71 |p 6749.79 |t Ej.1 | ||
